| 000 | nam a22 7a 4500 | ||
|---|---|---|---|
| 999 |
_c330414 _d330414 |
||
| 003 | ASAB | ||
| 005 | 20170710134345.0 | ||
| 008 | 170710b xxu||||| |||| 00| 0 eng d | ||
| 020 | _a969-417-080-X | ||
| 040 | _cASAB | ||
| 082 | _a636.5 | ||
| 245 |
_aPoultry farming _cDr. Ahsan ul Haq, Dr. Masood Akhtar. |
||
| 260 |
_aIslamabad _bHigher Education Comission _c2004 |
||
| 300 | _a323 P | ||
| 630 |
_a poultry farming _93201 |
||
| 942 |
_2ddc _cBK |
||